[Event "Turkey IS Bank Super League 2017"]
[Site "Darica-Kocaeli"]
[Date "2017.07.28"]
[Round "3"]
[White "Ererdem, Gani Eren"]
[Black "Arat, Ufuk Sezen"]
[Result "1-0"]
[WhiteElo "2090"]
[BlackElo "2400"]
[Annotator "NA"]
[PlyCount "101"]
[EventType "team-tourn"]
[EventCountry "TUR"]
[SourceTitle "playchess.com"]
[Source "ChessBase"]
[SourceQuality "1"]
[TimeControl "40/5400+30:1800+30"]

1. d4 {[%emt 0:00:30]} Nf6 {[%emt 0:01:00]} 2. Nf3 {[%emt 0:00:30]} e6 {[%emt 0:00:30]} 3. c4 {[%emt 0:00:30]} Bb4+ {[%emt 0:00:30]} 4. Bd2 {[%emt 0:02:30]} a5 {[%emt 0:00:30]} 5. g3 {[%emt 0:01:30]} d6 {[%emt 0:02:30]} 6. Bg2 {[%emt 0:01:30]} Bxd2+ {[%emt 0:09:30]} 7. Qxd2 {[%emt 0:01:30]} Nbd7 {[%emt 0:00:30]} 8. O-O {[%emt 0:00:30]} O-O {[%emt 0:00:30]} 9. Nc3 {[%emt 0:01:30] LiveBook: 34 Games} e5 {[%emt 0:11:30]} 10. Rfd1 {[%emt 0:12:30]} Qe7 $14 {[%emt 0:09:30]} 11. Qc2 {[%emt 0:14:30]} c6 {[%emt 0:06:30]} 12. d5 {[%emt 0:09:30]} c5 {[%emt 0:07:30]} 13. e4 {[%emt 0:13:30]} Nb6 {[%emt 0:02:30]} 14. b3 {[%emt 0:01:30]} a4 {[%emt 0:01:30]} 15. Rab1 {[%emt 0:00:30]} axb3 {[%emt 0:03:30]} 16. axb3 {[%emt 0:00:30]} Bg4 {[%emt 0:03:30]} 17. Rf1 {[%emt 0:07:30] [%clk 0:28]} Nfd7 {[%emt 0:04:30]} 18. Ne1 {[%emt 0:00:30]} Nb8 {[%emt 0:00:30]} 19. f4 {[%emt 0:05:30]} exf4 {[%emt 0:03:30]} 20. gxf4 {[%emt 0:02:30]} f5 {[%emt 0:02:30]} 21. h3 {[%emt 0:01:36]} Bh5 {[%emt 0:00:30]} 22. exf5 {[%emt 0:01:22]} Qe3+ {[%emt 0:04:30]} 23. Kh1 {[%emt 0:01:54]} Na6 {[%emt 0:03:30]} 24. Ne4 {[%emt 0:06:06]} Nb4 {[%emt 0:04:00]} 25. Qf2 {[%emt 0:00:10]} Qxf2 {[%emt 0:00:17]} 26. Rxf2 {[%emt 0:00:03]} Nc8 {[%emt 0:00:00]} 27. Ng3 {[%emt 0:02:49]} Be8 {[%emt 0:00:02]} 28. Be4 {[%emt 0:01:16]} Bd7 {[%emt 0:05:42]} 29. Ng2 {[%emt 0:02:15]} b5 {[%emt 0:00:52]} 30. Ne3 {[%emt 0:03:25]} Ra3 {[%emt 0:06:03]} 31. Rg2 {[%emt 0:01:27]} Rf7 {[%emt 0:01:45]} 32. Nh5 {[%emt 0:02:17]} Kf8 {[%emt 0:02:00]} 33. Rg3 {[%emt 0:02:06]} Nb6 {[%emt 0:03:11]} 34. cxb5 {[%emt 0:00:31]} Bxb5 {[%emt 0:01:10]} 35. Rbg1 {[%emt 0:00:05]} Raa7 {[%emt 0:00:00]} 36. f6 {[%emt 0:00:27]} g6 {[%emt 0:01:49]} 37. f5 {[%emt 0:00:01]} Bd3 {[%emt 0:00:27]} 38. Bxd3 {[%emt 0:00:11]} Nxd3 {[%emt 0:00:00]} 39. fxg6 {[%emt 0:00:15]} hxg6 {[%emt 0:00:30]} 40. Rxg6 {[%emt 0:00:00]} Ke8 {[%emt 0:00:42]} 41. Rg8+ {[%emt 0:08:14]} Kd7 {[%emt 0:09:30]} 42. R1g7 {[%emt 0:00:30]} Ra1+ {[%emt 0:00:30]} 43. Kh2 {[%emt 0:00:30]} Ne5 {[%emt 0:00:30]} 44. Rf8 {[%emt 0:00:30]} Nf3+ {[%emt 0:08:08]} 45. Kg3 {[%emt 0:00:30]} Rg1+ {[%emt 0:00:13]} 46. Ng2 {[%emt 0:00:30]} Ne5 {[%emt 0:00:20]} 47. Rgxf7+ {[%emt 0:00:30]} Nxf7 {[%emt 0:00:06]} 48. Rxf7+ {[%emt 0:00:30]} Kd8 {[%emt 0:01:01]} 49. Nhf4 {[%emt 0:00:30]} Nd7 {[%emt 0:00:22]} 50. Ne6+ {[%emt 0:00:30]} Kc8 {[%emt 0:00:30]} 51. Rxd7 {[%emt 0:00:30]} 1-0

[Event "Turkey IS Bank Super League 2017"]
[Site "Darica-Kocaeli"]
[Date "2017.07.28"]
[Round "3"]
[White "Karagollu, Ahmet"]
[Black "Goksel, Doga Cihan"]
[Result "1-0"]
[WhiteElo "2083"]
[BlackElo "2247"]
[Annotator "NA"]
[PlyCount "55"]
[EventType "team-tourn"]
[EventCountry "TUR"]
[SourceTitle "playchess.com"]
[Source "ChessBase"]
[SourceQuality "1"]
[TimeControl "40/5400+30:1800+30"]

1. e4 {[%emt 0:00:30]} c5 {[%emt 0:01:00]} 2. Nf3 {[%emt 0:00:30]} e6 {[%emt 0:03:30]} 3. d3 {[%emt 0:00:30]} Nc6 {[%emt 0:04:30]} 4. g3 {[%emt 0:01:30]} g6 {[%emt 0:01:30]} 5. Bg2 {[%emt 0:00:30]} Bg7 {[%emt 0:00:30]} 6. O-O {[%emt 0:00:30]} Nge7 {[%emt 0:00:30]} 7. c3 {[%emt 0:00:30]} O-O {[%emt 0:04:30]} 8. Qe2 {[%emt 0:02:30]} d6 {[%emt 0:09:30]} 9. Rd1 {[%emt 0:08:30]} b6 {[%emt 0:04:30]} 10. d4 {[%emt 0:08:30]} cxd4 {[%emt 0:05:30]} 11. cxd4 $14 {[%emt 0:00:30]} a5 {[%emt 0:04:30]} 12. Bf4 {[%emt 0:11:30]} Ba6 {[%emt 0:03:30]} 13. Qd2 {[%emt 0:00:30]} Rc8 {[%emt 0:06:30]} 14. Nc3 {[%emt 0:05:30]} Qd7 {[%emt 0:13:30]} 15. Bh6 {[%emt 0:05:30]} Na7 {[%emt 0:04:30]} 16. h4 {[%emt 0:03:30]} Nb5 {[%emt 0:02:30]} 17. Nxb5 {[%emt 0:02:30]} Bxb5 {[%emt 0:00:30]} 18. h5 {[%emt 0:05:30] [%clk 0:40]} Rfe8 {[%emt 0:11:55]} 19. Bxg7 {[%emt 0:00:30]} Kxg7 {[%emt 0:00:06]} 20. h6+ {[%emt 0:00:30]} Kh8 {[%emt 0:01:31]} 21. d5 {[%emt 0:12:30]} Ng8 {[%emt 0:06:17]} 22. dxe6 {[%emt 0:00:30]} Qxe6 {[%emt 0:01:48]} 23. Qd4+ {[%emt 0:04:30]} f6 {[%emt 0:04:29]} 24. Qxb6 {[%emt 0:00:30]} Rb8 {[%emt 0:00:58]} 25. Qxa5 {[%emt 0:04:30]} Nxh6 {[%emt 0:00:38]} 26. Nd4 {[%emt 0:00:30]} Qe5 {[%emt 0:01:29]} 27. Qd2 {[%emt 0:05:42]} Bd7 {[%emt 0:01:30]} 28. Qxh6 {[%emt 0:00:41]} 1-0

[Event "Turkey IS Bank Super League 2017"]
[Site "Darica-Kocaeli"]
[Date "2017.07.28"]
[Round "3"]
[White "Gundogan, Cem"]
[Black "Tirak, Mert"]
[Result "1/2-1/2"]
[WhiteElo "2062"]
[BlackElo "1909"]
[Annotator "NA"]
[PlyCount "68"]
[EventType "team-tourn"]
[EventCountry "TUR"]
[SourceTitle "playchess.com"]
[Source "ChessBase"]
[SourceQuality "1"]
[TimeControl "40/5400+30:1800+30"]

1. e4 {[%emt 0:00:30]} c5 {[%emt 0:01:00]} 2. Nf3 {[%emt 0:00:30]} d6 {[%emt 0:03:30]} 3. Nc3 {[%emt 0:00:30]} Nf6 {[%emt 0:01:30]} 4. d4 {[%emt 0:00:30]} cxd4 {[%emt 0:00:30]} 5. Nxd4 {[%emt 0:00:00]} a6 {[%emt 0:00:30]} 6. Be3 {[%emt 0:00:00]} Ng4 {[%emt 0:02:30]} 7. Bc1 {[%emt 0:01:30]} Nf6 {[%emt 0:00:30]} 8. Be3 {[%emt 0:00:30]} Ng4 {[%emt 0:02:30]} 9. Bc1 {[%emt 0:00:30]} Nf6 {[%emt 0:04:30]} 10. Bg5 {[%emt 0:03:30]} e6 {[%emt 0:05:30]} 11. f4 {[%emt 0:00:30]} Qc7 {[%emt 0:00:30]} 12. Qf3 {[%emt 0:00:30]} Nbd7 {[%emt 0:00:30]} 13. O-O-O {[%emt 0:00:00]} b5 {[%emt 0:03:30]} 14. e5 {[%emt 0:11:00]} Bb7 {[%emt 0:00:30]} 15. Qh3 {[%emt 0:00:30]} dxe5 {[%emt 0:04:30] [#]} 16. Nxe6 $11 {[%emt 0:01:30]} fxe6 {[%emt 0:01:30]} 17. Qxe6+ {[%emt 0:00:30]} Be7 {[%emt 0:00:30]} 18. Bxb5 {[%emt 0:14:30]} axb5 {[%emt 0:02:30]} 19. Nxb5 {[%emt 0:00:30]} Qc6 {[%emt 0:05:30]} 20. Nd6+ {[%emt 0:07:30]} Kd8 {[%emt 0:01:30]} 21. fxe5 {[%emt 0:16:30]} Kc7 {[%emt 0:07:30]} 22. Qxe7 {[%emt 0:05:30]} Rxa2 {[%emt 0:02:30]} 23. exf6 {[%emt 0:05:30]} Ra1+ {[%emt 0:01:30]} 24. Kd2 {[%emt 0:00:00]} Qd5+ {[%emt 0:00:00]} 25. Kc3 {[%emt 0:01:00]} Qa5+ {[%emt 0:00:00]} 26. Kd3 {[%emt 0:00:30]} Qd5+ {[%emt 0:00:30]} 27. Kc3 {[%emt 0:00:30]} Qa5+ {[%emt 0:00:30]} 28. Kd3 {[%emt 0:00:30]} Qd5+ {[%emt 0:00:00]} 29. Ke2 {[%emt 0:00:30]} Qxg2+ {[%emt 0:02:00] [%clk 0:43]} 30. Kd3 {[%emt 0:00:30]} Qd5+ {[%emt 0:04:30]} 31. Ke2 {[%emt 0:00:30]} Qg2+ {[%emt 0:00:30]} 32. Kd3 {[%emt 0:00:30]} Qd5+ {[%emt 0:00:30]} 33. Kc3 {[%emt 0:00:30]} Qa5+ {[%emt 0:00:00]} 34. Kd3 {[%emt 0:02:30]} Qd5+ {[%emt 0:00:00]} 1/2-1/2

[Event "Turkey IS Bank Super League 2017"]
[Site "Darica-Kocaeli"]
[Date "2017.07.28"]
[Round "3"]
[White "Gulden, Egemen"]
[Black "Tarlabasi, Emirhan"]
[Result "1-0"]
[WhiteElo "2044"]
[BlackElo "2046"]
[Annotator "NA"]
[PlyCount "97"]
[EventType "team-tourn"]
[EventCountry "TUR"]
[SourceTitle "playchess.com"]
[Source "ChessBase"]
[SourceQuality "1"]
[TimeControl "40/5400+30:1800+30"]

1. e4 {[%emt 0:00:30] 7} e6 {[%emt 0:01:00] 7} 2. d4 {[%emt 0:00:30] 7} d5 {[%emt 0:00:30]} 3. Nd2 {[%emt 0:00:30]} c5 {[%emt 0:00:30]} 4. Ngf3 {[%emt 0:00:00]} Nc6 {[%emt 0:02:30]} 5. exd5 {[%emt 0:01:00]} exd5 {[%emt 0:00:30]} 6. Bb5 {[%emt 0:00:30]} Qe7+ {[%emt 0:00:00]} 7. Be2 {[%emt 0:06:30]} Nf6 {[%emt 0:01:00]} 8. O-O {[%emt 0:09:30]} Qc7 {[%emt 0:01:30]} 9. dxc5 {[%emt 0:00:30]} Bxc5 {[%emt 0:03:30]} 10. Nb3 {[%emt 0:01:30]} Be7 {[%emt 0:02:30]} 11. c3 {[%emt 0:03:30]} h6 {[%emt 0:07:30]} 12. Be3 {[%emt 0:02:30]} O-O {[%emt 0:01:30]} 13. h3 {[%emt 0:04:30]} Be6 {[%emt 0:10:30]} 14. Nbd4 {[%emt 0:01:30]} a6 {[%emt 0:02:30]} 15. a4 {[%emt 0:06:30]} Bd6 {[%emt 0:12:30]} 16. Qc1 {[%emt 0:07:30]} Nh5 {[%emt 0:25:30] [%clk 0:25]} 17. Nxe6 {[%emt 0:27:30]} fxe6 {[%emt 0:00:00]} 18. Ng5 {[%emt 0:00:30]} hxg5 {[%emt 0:16:58]} 19. Bxh5 {[%emt 0:00:30]} Bh2+ {[%emt 0:02:42]} 20. Kh1 {[%emt 0:00:30]} Bf4 {[%emt 0:00:00]} 21. g3 {[%emt 0:09:04]} Bxe3 {[%emt 0:00:00]} 22. Qxe3 {[%emt 0:00:00]} Qe7 {[%emt 0:00:34]} 23. Rad1 {[%emt 0:07:06]} Rad8 {[%emt 0:01:33]} 24. Bf3 {[%emt 0:04:04]} Rd6 {[%emt 0:06:23]} 25. Bg2 {[%emt 0:02:28]} Rfd8 {[%emt 0:00:31]} 26. f4 {[%emt 0:01:26]} gxf4 {[%emt 0:00:13]} 27. Rxf4 {[%emt 0:01:09]} Rf8 {[%emt 0:01:25]} 28. Rh4 {[%emt 0:00:06]} Rdd8 {[%emt 0:00:07]} 29. Qd3 {[%emt 0:00:28]} Rf5 {[%emt 0:00:23]} 30. Re1 {[%emt 0:01:09]} Qf6 {[%emt 0:00:37]} 31. Kh2 {[%emt 0:00:39]} Ne5 {[%emt 0:00:22]} 32. Qe3 {[%emt 0:01:15]} Rf8 {[%emt 0:00:34]} 33. Rf4 {[%emt 0:00:30]} Rxf4 {[%emt 0:00:46]} 34. gxf4 {[%emt 0:00:03]} Nc4 {[%emt 0:00:18]} 35. Qxe6+ {[%emt 0:00:34]} Qxe6 {[%emt 0:00:30]} 36. Rxe6 {[%emt 0:00:00]} Nxb2 {[%emt 0:00:50]} 37. Bxd5 {[%emt 0:00:00]} Kh8 {[%emt 0:00:04]} 38. Re4 {[%emt 0:00:47]} Nd1 {[%emt 0:00:36]} 39. Bxb7 {[%emt 0:00:57]} Nxc3 {[%emt 0:00:29]} 40. Rc4 {[%emt 0:00:26]} Ne2 {[%emt 0:01:05]} 41. f5 {[%emt 0:05:19]} g6 {[%emt 0:16:03]} 42. Bxa6 {[%emt 0:02:30]} Rxf5 {[%emt 0:00:17]} 43. h4 {[%emt 0:15:18]} Nf4 {[%emt 0:13:29]} 44. Bc8 {[%emt 0:01:08]} Rf8 {[%emt 0:01:08]} 45. a5 {[%emt 0:01:03]} Nd5 {[%emt 0:00:36]} 46. Bb7 {[%emt 0:01:25]} Ne3 {[%emt 0:00:52]} 47. Ra4 {[%emt 0:01:32]} Nf5 {[%emt 0:00:30]} 48. a6 {[%emt 0:00:00]} Rd8 {[%emt 0:00:54]} 49. a7 {[%emt 0:00:15]} 1-0

[Event "Turkey IS Bank Super League 2017"]
[Site "Darica-Kocaeli"]
[Date "2017.07.28"]
[Round "3"]
[White "Ozbay, Ece"]
[Black "Arda, Cagil Irmak"]
[Result "1/2-1/2"]
[WhiteElo "1970"]
[BlackElo "2080"]
[Annotator "NA"]
[PlyCount "106"]
[EventType "team-tourn"]
[EventCountry "TUR"]
[SourceTitle "playchess.com"]
[Source "ChessBase"]
[SourceQuality "1"]
[TimeControl "40/5400+30:1800+30"]

1. e4 {[%emt 0:00:30]} c5 {[%emt 0:01:00]} 2. Nf3 {[%emt 0:00:30]} e6 {[%emt 0:00:30]} 3. d4 {[%emt 0:00:30]} cxd4 {[%emt 0:00:30]} 4. Nxd4 {[%emt 0:00:30]} Nf6 {[%emt 0:00:30]} 5. Nc3 {[%emt 0:00:30]} d6 {[%emt 0:00:00]} 6. g4 {[%emt 0:00:00]} e5 {[%emt 0:00:00]} 7. Nf5 {[%emt 0:02:00]} h5 {[%emt 0:00:00]} 8. Bg5 {[%emt 0:22:30]} hxg4 {[%emt 0:00:00]} 9. Nd5 {[%emt 0:13:30]} Bxf5 {[%emt 0:00:30]} 10. Bxf6 {[%emt 0:00:00]} gxf6 {[%emt 0:04:30]} 11. exf5 {[%emt 0:00:00]} Nc6 $16 {[%emt 0:01:30]} 12. Qxg4 {[%emt 0:13:30]} Qa5+ {[%emt 0:00:30]} 13. Nc3 {[%emt 0:00:30]} d5 {[%emt 0:01:30]} 14. Qa4 {[%emt 0:06:30]} Qxa4 {[%emt 0:06:30]} 15. Nxa4 {[%emt 0:00:30]} Rh4 {[%emt 0:12:30]} 16. Nc3 {[%emt 0:12:30]} Nb4 {[%emt 0:02:30]} 17. Bd3 {[%emt 0:03:30]} Rc8 {[%emt 0:16:30] [%clk 0:50]} 18. a3 {[%emt 0:08:57]} Nxd3+ {[%emt 0:00:30]} 19. cxd3 {[%emt 0:00:30]} Rc5 {[%emt 0:00:30]} 20. O-O {[%emt 0:09:34]} Bh6 {[%emt 0:00:30]} 21. Ne2 {[%emt 0:01:55]} Rc2 {[%emt 0:03:30]} 22. Rfe1 {[%emt 0:01:25]} Rxb2 {[%emt 0:01:30]} 23. Rab1 {[%emt 0:00:47]} Rxb1 {[%emt 0:00:30]} 24. Rxb1 {[%emt 0:00:02]} b6 {[%emt 0:00:30]} 25. Rb5 {[%emt 0:01:06]} Ra4 {[%emt 0:02:30]} 26. Rxd5 {[%emt 0:01:05]} Rxa3 {[%emt 0:00:30]} 27. Ng3 {[%emt 0:00:03]} Ra5 {[%emt 0:08:30]} 28. Rd6 {[%emt 0:00:59]} Ke7 {[%emt 0:00:00]} 29. Ne4 {[%emt 0:00:00]} Bg5 {[%emt 0:02:00]} 30. Rc6 {[%emt 0:00:53]} Rd5 {[%emt 0:00:30]} 31. Rc7+ {[%emt 0:00:15]} Rd7 {[%emt 0:00:30]} 32. Rc3 {[%emt 0:00:00]} Kd8 {[%emt 0:03:30]} 33. Kg2 {[%emt 0:00:51]} Rc7 {[%emt 0:00:30]} 34. Rb3 {[%emt 0:00:30]} Rc6 {[%emt 0:01:30]} 35. Kg3 {[%emt 0:00:36]} Bc1 {[%emt 0:01:30]} 36. h4 {[%emt 0:00:27]} Ke7 {[%emt 0:03:30]} 37. h5 {[%emt 0:00:24]} Kf8 {[%emt 0:01:30]} 38. Kg4 {[%emt 0:00:37]} Kg7 {[%emt 0:01:30]} 39. Nc3 {[%emt 0:00:32]} a6 {[%emt 0:07:32]} 40. Ne2 {[%emt 0:00:00]} b5 {[%emt 0:02:28]} 41. f4 {[%emt 0:14:09]} Rc2 {[%emt 0:05:30]} 42. Kf3 {[%emt 0:04:42]} Bd2 {[%emt 0:08:30]} 43. Rb1 {[%emt 0:05:34]} Ra2 {[%emt 0:03:30]} 44. Rg1+ {[%emt 0:04:05]} Kh6 {[%emt 0:04:30]} 45. fxe5 {[%emt 0:00:40]} fxe5 {[%emt 0:07:17]} 46. Ke4 {[%emt 0:01:05]} b4 {[%emt 0:07:41]} 47. f6 {[%emt 0:03:33]} Bg5 {[%emt 0:01:51]} 48. Ng3 {[%emt 0:00:20]} Bxf6 {[%emt 0:05:26]} 49. Rf1 {[%emt 0:00:51]} Kg7 {[%emt 0:01:39]} 50. Nf5+ {[%emt 0:00:26]} Kf8 {[%emt 0:01:16]} 51. Nh6 {[%emt 0:00:29]} Kg7 {[%emt 0:03:08]} 52. Nf5+ {[%emt 0:00:02]} Kf8 {[%emt 0:00:53]} 53. Nh6 {[%emt 0:00:05]} Kg7 {[%emt 0:00:15]} 1/2-1/2

[Event "Turkey IS Bank Super League 2017"]
[Site "Darica-Kocaeli"]
[Date "2017.07.28"]
[Round "3"]
[White "Yassibag, Ipek Asli"]
[Black "Yurdakul, Didem Nuray"]
[Result "0-1"]
[WhiteElo "1880"]
[BlackElo "1697"]
[Annotator "NA"]
[PlyCount "94"]
[EventType "team-tourn"]
[EventCountry "TUR"]
[SourceTitle "playchess.com"]
[Source "ChessBase"]
[SourceQuality "1"]
[TimeControl "40/5400+30:1800+30"]

1. e4 {[%emt 0:00:30]} c5 {[%emt 0:01:00]} 2. d4 {[%emt 0:00:30]} cxd4 {[%emt 0:00:30]} 3. c3 {[%emt 0:00:30]} d3 {[%emt 0:00:30]} 4. Bxd3 {[%emt 0:00:30]} Nc6 {[%emt 0:00:30]} 5. Nf3 {[%emt 0:00:30]} d6 {[%emt 0:00:30]} 6. h3 {[%emt 0:03:30]} g6 {[%emt 0:01:30]} 7. O-O {[%emt 0:01:30]} Bg7 {[%emt 0:00:30]} 8. Qe2 {[%emt 0:00:30]} Nf6 {[%emt 0:01:30]} 9. Bc4 {[%emt 0:02:30]} O-O {[%emt 0:00:30]} 10. Rd1 {[%emt 0:00:30]} Qc7 {[%emt 0:01:30]} 11. Bf4 {[%emt 0:02:30]} Nd7 {[%emt 0:02:30]} 12. Na3 {[%emt 0:02:30]} a6 {[%emt 0:04:30]} 13. Nc2 {[%emt 0:04:30]} b5 {[%emt 0:02:30]} 14. Bd5 {[%emt 0:00:30]} Bb7 {[%emt 0:01:30]} 15. Rac1 {[%emt 0:05:30]} Na5 {[%emt 0:07:30]} 16. Ne3 {[%emt 0:01:30]} Rac8 {[%emt 0:13:30]} 17. c4 {[%emt 0:12:30]} bxc4 {[%emt 0:09:30]} 18. b4 {[%emt 0:01:30]} Nc6 {[%emt 0:01:30]} 19. Nxc4 {[%emt 0:03:30]} Qb8 {[%emt 0:03:30]} 20. Nxd6 {[%emt 0:06:30]} exd6 {[%emt 0:02:30]} 21. Bxc6 {[%emt 0:03:30]} Rxc6 {[%emt 0:01:30]} 22. Rxc6 {[%emt 0:00:30]} Bxc6 {[%emt 0:00:30]} 23. Bxd6 {[%emt 0:00:00]} Qb7 {[%emt 0:01:30]} 24. Bxf8 {[%emt 0:00:00]} Kxf8 {[%emt 0:00:30]} 25. Qc4 {[%emt 0:08:30]} Bb5 {[%emt 0:07:30] [%clk 0:34]} 26. Qb3 {[%emt 0:04:30]} Bf6 {[%emt 0:07:30]} 27. Qc2 {[%emt 0:06:30]} Bc6 {[%emt 0:03:30]} 28. Qd2 {[%emt 0:02:30]} Be7 {[%emt 0:13:50]} 29. a3 {[%emt 0:01:30]} Nf6 {[%emt 0:01:04]} 30. Qh6+ {[%emt 0:04:30]} Kg8 {[%emt 0:01:50]} 31. e5 {[%emt 0:02:34]} Bf8 {[%emt 0:01:58]} 32. Rd8 {[%emt 0:11:09]} Ne8 {[%emt 0:02:36]} 33. Qe3 {[%emt 0:02:34]} Be7 {[%emt 0:01:02]} 34. Rd3 {[%emt 0:01:49]} Ng7 {[%emt 0:00:21]} 35. Qc1 {[%emt 0:02:01]} Nf5 {[%emt 0:01:39]} 36. Qd2 {[%emt 0:02:43]} Bb5 {[%emt 0:02:03]} 37. Rc3 {[%emt 0:00:33]} Kf8 {[%emt 0:01:31]} 38. Qc2 {[%emt 0:00:44]} Qb6 {[%emt 0:00:48]} 39. Qd2 {[%emt 0:00:45]} Ng3 {[%emt 0:00:23]} 40. Rc8+ {[%emt 0:00:30]} Kg7 {[%emt 0:00:25]} 41. Qb2 {[%emt 0:02:08]} Ne2+ {[%emt 0:01:30]} 42. Kh2 {[%emt 0:05:30]} Qxf2 {[%emt 0:04:30]} 43. Rc7 {[%emt 0:01:30]} Bg5 {[%emt 0:06:30]} 44. Rxf7+ {[%emt 0:03:30]} Kxf7 {[%emt 0:04:25]} 45. Nxg5+ {[%emt 0:00:47]} Ke7 {[%emt 0:00:30]} 46. Nf3 {[%emt 0:02:03]} Bc6 {[%emt 0:01:33]} 47. Qc3 {[%emt 0:02:52]} Nxc3 {[%emt 0:00:06]} 0-1

[Event "Turkey IS Bank Super League 2017"]
[Site "Darica-Kocaeli"]
[Date "2017.07.28"]
[Round "3"]
[White "Ayan, Bengu Sena"]
[Black "Avramidou, Anastasia"]
[Result "0-1"]
[WhiteElo "1862"]
[BlackElo "2247"]
[Annotator "NA"]
[PlyCount "76"]
[EventType "team-tourn"]
[EventCountry "TUR"]
[SourceTitle "playchess.com"]
[Source "ChessBase"]
[SourceQuality "1"]
[TimeControl "40/5400+30:1800+30"]

1. d4 {[%emt 0:00:30] 6} d6 {[%emt 0:01:00] 6} 2. c4 {[%emt 0:00:30] 6} e5 {[%emt 0:00:30]} 3. Nf3 {[%emt 0:07:30]} e4 {[%emt 0:00:00]} 4. Nfd2 {[%emt 0:01:30]} f5 {[%emt 0:00:00]} 5. e3 {[%emt 0:00:30]} Nf6 {[%emt 0:00:30]} 6. Nc3 {[%emt 0:01:30]} c5 {[%emt 0:03:30]} 7. Nb3 {[%emt 0:07:30]} Nc6 {[%emt 0:05:30]} 8. Be2 {[%emt 0:05:30]} Be7 {[%emt 0:05:30] LiveBook: 12 Games} 9. O-O {[%emt 0:04:30]} O-O {[%emt 0:03:30]} 10. f3 $11 {[%emt 0:06:30]} a5 {[%emt 0:22:30]} 11. a4 {[%emt 0:07:30]} b6 {[%emt 0:05:30]} 12. fxe4 {[%emt 0:04:30]} fxe4 {[%emt 0:00:30]} 13. Bd2 {[%emt 0:04:30]} Qe8 {[%emt 0:06:30]} 14. Be1 {[%emt 0:06:30]} Qg6 {[%emt 0:06:30]} 15. Bg3 {[%emt 0:04:30]} Bf5 {[%emt 0:03:30]} 16. Rf4 {[%emt 0:03:30] [%clk 0:28]} Rad8 {[%emt 0:02:30]} 17. Qd2 {[%emt 0:04:30]} d5 {[%emt 0:17:19]} 18. Raf1 {[%emt 0:07:32]} Be6 {[%emt 0:02:07]} 19. cxd5 {[%emt 0:01:41]} Nxd5 {[%emt 0:00:42]} 20. Rxf8+ {[%emt 0:01:02]} Bxf8 {[%emt 0:00:06]} 21. Nxd5 {[%emt 0:07:29]} Bxd5 {[%emt 0:00:07]} 22. Qc3 {[%emt 0:01:11]} Qe6 {[%emt 0:04:52]} 23. Bb5 {[%emt 0:04:22]} Bxb3 {[%emt 0:02:54]} 24. Bxc6 {[%emt 0:00:30]} cxd4 {[%emt 0:00:19]} 25. exd4 {[%emt 0:00:02]} Bb4 {[%emt 0:00:38]} 26. Qe3 {[%emt 0:05:00]} Bc4 {[%emt 0:02:15]} 27. Qg5 {[%emt 0:00:56]} Be7 {[%emt 0:00:27]} 28. d5 {[%emt 0:00:58]} Bxg5 {[%emt 0:02:38]} 29. dxe6 {[%emt 0:00:20]} Bxf1 {[%emt 0:00:10]} 30. Kxf1 {[%emt 0:00:16]} Kf8 {[%emt 0:01:26]} 31. Bd7 {[%emt 0:00:23]} Ke7 {[%emt 0:01:15]} 32. Bc7 {[%emt 0:01:18]} Rf8+ {[%emt 0:00:04]} 33. Ke2 {[%emt 0:00:04]} Bf4 {[%emt 0:00:49]} 34. Bxb6 {[%emt 0:00:11]} Rb8 {[%emt 0:00:43]} 35. Bc5+ {[%emt 0:00:54]} Bd6 {[%emt 0:00:30]} 36. Bd4 {[%emt 0:00:00]} Bxh2 {[%emt 0:00:00]} 37. Ke3 {[%emt 0:00:23]} Bg1+ {[%emt 0:00:07]} 38. Kxe4 {[%emt 0:00:39]} Rb4 {[%emt 0:00:13]} 0-1

[Event "Turkey IS Bank Super League 2017"]
[Site "Darica-Kocaeli"]
[Date "2017.07.28"]
[Round "3"]
[White "Kargaci, Humeyra"]
[Black "Ayazmali, Gizem"]
[Result "1/2-1/2"]
[WhiteElo "1737"]
[BlackElo "1849"]
[Annotator "NA"]
[PlyCount "83"]
[EventType "team-tourn"]
[EventCountry "TUR"]
[SourceTitle "playchess.com"]
[Source "ChessBase"]
[SourceQuality "1"]
[TimeControl "40/5400+30:1800+30"]

1. d4 {[%emt 0:00:30] 9} Nf6 {[%emt 0:01:00] 9} 2. c4 {[%emt 0:00:30] 9} g6 {[%emt 0:00:30]} 3. Nc3 {[%emt 0:00:30]} Bg7 {[%emt 0:00:30]} 4. e4 {[%emt 0:00:30]} d6 {[%emt 0:00:30]} 5. Nf3 {[%emt 0:00:30]} O-O {[%emt 0:00:30]} 6. Be2 {[%emt 0:00:30]} e5 {[%emt 0:00:30]} 7. dxe5 {[%emt 0:00:30]} dxe5 {[%emt 0:00:00]} 8. Bg5 {[%emt 0:00:00]} Qxd1+ {[%emt 0:16:00]} 9. Rxd1 {[%emt 0:00:00]} c6 {[%emt 0:11:30]} 10. Nd2 {[%emt 0:00:30]} h6 {[%emt 0:00:30]} 11. Be3 {[%emt 0:00:30]} Na6 {[%emt 0:02:30]} 12. f3 {[%emt 0:00:00]} Rd8 {[%emt 0:02:30]} 13. Kf2 {[%emt 0:03:00]} Be6 {[%emt 0:14:30]} 14. Nb3 {[%emt 0:00:30]} b6 {[%emt 0:08:30]} 15. c5 {[%emt 0:17:30]} Rxd1 {[%emt 0:07:30]} 16. Rxd1 {[%emt 0:01:30]} Bxb3 {[%emt 0:00:30]} 17. axb3 {[%emt 0:01:30]} Nxc5 {[%emt 0:00:30]} 18. Bxc5 {[%emt 0:00:30]} bxc5 {[%emt 0:00:00]} 19. Ra1 {[%emt 0:00:30]} Nd7 {[%emt 0:11:00]} 20. Ra6 {[%emt 0:03:30]} Nb6 {[%emt 0:01:30]} 21. Na4 {[%emt 0:01:30]} Nxa4 {[%emt 0:02:10]} 22. Rxa4 {[%emt 0:00:30] 0} Bf8 {[%emt 0:02:08]} 23. Bc4 {[%emt 0:01:30] 2} a5 {[%emt 0:00:24]} 24. Ra1 {[%emt 0:00:30] 4} Bd6 {[%emt 0:01:16]} 25. Ke2 {[%emt 0:01:30] ]} Kf8 {[%emt 0:00:54]} 26. h4 {[%emt 0:02:30] 8} Ke7 {[%emt 0:01:57]} 27. Rh1 {[%emt 0:02:30] 1 [%clk 1:00:0]} Bc7 {[%emt 0:05:18]} 28. h5 {[%emt 0:00:30]} g5 {[%emt 0:00:59]} 29. g4 {[%emt 0:00:30]} Rd8 {[%emt 0:00:57]} 30. Rd1 {[%emt 0:00:30]} Rd4 {[%emt 0:00:00]} 31. Ra1 {[%emt 0:00:30]} f6 {[%emt 0:01:10]} 32. Ke3 {[%emt 0:00:30]} Rd8 {[%emt 0:04:11]} 33. Ke2 {[%emt 0:00:30]} Rb8 {[%emt 0:00:50]} 34. Ke3 {[%emt 0:01:30]} Rb4 {[%emt 0:02:04]} 35. Ke2 {[%emt 0:00:30]} a4 {[%emt 0:01:44]} 36. Rxa4 {[%emt 0:00:00]} Rxa4 {[%emt 0:00:32]} 37. bxa4 {[%emt 0:00:00]} Kd7 {[%emt 0:00:30]} 38. Kd3 {[%emt 0:00:30]} Ba5 {[%emt 0:00:34]} 39. Kc2 {[%emt 0:00:30]} Kc7 {[%emt 0:00:47]} 40. b3 {[%emt 0:00:00]} Kb6 {[%emt 0:00:35]} 41. Kd3 {[%emt 0:01:00]} Be1 {[%emt 0:04:30]} 42. Ke2 {[%emt 0:00:00]} 1/2-1/2